000 00468nam a2200169 i 4500
001 bg
100 1 _aDŁUGOSZ, Janina
245 0 _aPodstawowe problemy dydaktyki szkoły wyższej /
_cJanina Długosz, Jan Kulpa, Ryszard Ostrowski.
260 _aKraków,
_c1981.
700 1 _aKULPA, Jan
700 1 _aOSTROWSKI, Ryszard
040 _cBPK
041 _apol
080 _a378.662:378.147:371.3](075.8)
942 _cKS
008 s pl f |000 0 pol
999 _c20533
_d20533
856 _uhttp://koha.tu.koszalin.pl/cgi-bin/koha/opac-detail.pl?biblionumber=20533
_yKatalog online BPK